000 00974nam a2200265 c 4500
003 BLK
005 20190913121249.0
008 180911b bul|||||r ||||||| ||bul||
010 _a003449
040 _aBLK
041 _aDEU
080 _z949.72314(497.2:495)
100 1 _aPOPGEORGIEV, Jordan et al.
_eпърви автор
245 0 0 _aDas sudostliche Makedonien
_nT. I.
246 _aT. I.
_iDas Seresgebiet : Stadt- und Land. Forschungen und Dokumente
260 _aPhilippopol
_c1918
_fDruk. Chr. G. Danof
_g1918
300 _aXIV, 70 с. : с факс., 1 л. : факс
_c31 см
380 _a9
490 _aЧастна колекция - Академик Михаил Арнаудов
_gДарение - Основен фонд
505 _tDas Seresgebiet : Stadt- und Land. Forschungen und Dokumente
655 _aбългарска история
700 1 _aJordan Popgeorgiev и Stoju N. Siskov
852 _aМА 2974
942 _cKNG
_n0
944 _aCR
_c1994
999 _c343788
_d343788